000 01020cam a22003014a 4500
001 11963986
003 OSt
005 20180925174521.0
008 000404s2001 njua b 001 0 eng c
010 _a 00038505
020 _a0130104922
035 _a(DNLM)100941291
040 _aDNLM/DLC
_cDLC
_dDLC
042 _apcc
082 _aWB 26
_bC23i 2001
100 1 _aCarr, Joseph J.; Brown, John M.
_910543
245 1 0 _aIntroduction to Biomedical Equipment Technology
250 _a4th ed.
260 _aNew Jersay;
_bPrentice Hall,
_c2001.
300 _axv, 743 p. :
_bill. ;
_c25 cm.
504 _aIncludes bibliographical references and index.
650 1 2 _aEquipment and Supplies.
_99626
650 2 2 _aBiomedical Engineering
_910545
906 _a7
_bcbc
_corignew
_d1
_eocip
_f20
_gy-gencatlg
942 _2z
_cO_SHELF
999 _c4908
_d4908